logo

Bir Sreshtho Munshi Abdur Rouf Library
Jhenaidah Cadet College

গৃহপালিত পশুর সংক্রামক রোগতত্ত্ব / (Record no. 8074)

MARC details
000 -LEADER
fixed length control field 00702nam a2200217 a 4500
001 - CONTROL NUMBER
JCCL Control Number 8074
003 - CONTROL NUMBER IDENTIFIER
JCCL marc code BD-JhCC
005 - DATE AND TIME OF LATEST TRANSACTION
control field 20180218114134.0
008 - FIXED-LENGTH DATA ELEMENTS--GENERAL INFORMATION
fixed length control field 180214s1985 bg a|||| || | 000 0 ben d
035 ## - SYSTEM CONTROL NUMBER
system control number (BD-JhCC)8074
040 ## - CATALOGING SOURCE
Original cataloging agency BD-JhCC
Modifying agency BD-JhCC
041 ## - LANGUAGE CODE
Language code of Book ben
082 ## - DEWEY DECIMAL CLASSIFICATION NUMBER
Classification number 636.089
Author mark and Year RAH 1985
100 ## - MAIN ENTRY--PERSONAL NAME
Personal name রহমান, আব্দুর
245 ## - TITLE STATEMENT
Title গৃহপালিত পশুর সংক্রামক রোগতত্ত্ব /
Statement of responsibility, etc আব্দুর রহমান
260 ## - PUBLICATION, DISTRIBUTION, ETC. (IMPRINT)
Place of publication, distribution, etc ঢাকা :
Name of publisher, distributor, etc বাংলা একাডেমী,
Date of publication, distribution, etc 1985
300 ## - PHYSICAL DESCRIPTION
Pagination 337 p. :
Dimensions 22 cm.
650 ## - SUBJECT ADDED ENTRY--TOPICAL TERM
Topical term or geographic name as entry element Infections Diseases of animals
942 ## - ADDED ENTRY ELEMENTS (KOHA)
Source of classification or shelving scheme Dewey Decimal Classification
Koha item type Books
Holdings
Source of classification or shelving scheme volume number Damaged status Not for loan Home library Current library Shelving location Date of accession Cost, normal purchase price Total Checkouts Full call number Barcode Date last seen Copy number Koha item type
Dewey Decimal Classification V-2     JCC Rouf Library JCC Rouf Library General Stacks 02/18/2018 130.00   636.089 RAH 1985 10239 02/18/2018 C-1 Books

JCC Library | Contacts | JCC Home

Last Update on 23 September 2017
Copyright @ 2017-2020 JCC Rouf Library
Rouf Library, Jhenidah Cadet College (JCC), Bangladesh